/ 3



Multi Media Ate Anuwad Kala (Record no. 23997)

MARC details
000 -LEADER
fixed length control field 00434nam a2200193Ia 4500
000 - LEADER
fixed length control field 00746ngmaa2200277 a 4500
003 - CONTROL NUMBER IDENTIFIER
control field RNL
006 - FIXED-LENGTH DATA ELEMENTS--ADDITIONAL MATERIAL CHARACTERISTICS
fixed length control field g||||fr|||| a0| fz
007 - PHYSICAL DESCRIPTION FIXED FIELD--GENERAL INFORMATION
fixed length control field hj bfb|||baap
008 - FIXED-LENGTH DATA ELEMENTS--GENERAL INFORMATION
fixed length control field 090707b ii f a fnsan d
040 ## - CATALOGING SOURCE
Original cataloging agency eng
100 ## - MAIN ENTRY--PERSONAL NAME
Personal name Singh, Kamal Jeet
245 ## - TITLE STATEMENT
Title Multi Media Ate Anuwad Kala
250 ## - EDITION STATEMENT
Edition statement 1st
260 ## - PUBLICATION, DISTRIBUTION, ETC.
Place of publication, distribution, etc. Delhi,
260 ## - PUBLICATION, DISTRIBUTION, ETC.
Name of publisher, distributor, etc. Manpreet Parkashan
260 ## - PUBLICATION, DISTRIBUTION, ETC.
Date of publication, distribution, etc. 2013
942 ## - ADDED ENTRY ELEMENTS (KOHA)
Koha item type Books
Holdings
Withdrawn status Lost status Damaged status Not for loan Collection code Home library Current library Shelving location Date acquired Cost, normal purchase price Total Checkouts Barcode Date last seen Cost, replacement price Price effective from Koha item type
        Punjabi Department Books RCL RCL General Stacks 10/02/2018 290.00   52486 10/02/2018 290.00 10/02/2018 Books
        Punjabi Department Books RCL RCL General Stacks   290.00   52487   290.00   Books
        Punjabi Department Books RCL RCL General Stacks   290.00   52488   290.00   Books
        Punjabi Department Books RCL RCL General Stacks   290.00   52489   290.00   Books
        Punjabi Department Books RCL RCL General Stacks   290.00   54379   290.00   Books

Find us on the map

Contact Us

RAMANUJAN COLLEGE UNIVERSITY OF DELHI, KALKAJI, NEW DELHI 110019
library@ramaanujan.du.ac.in
011-35002219
https://library.ramanujancollege.ac.in/
ramanujancollegelibrary
                                 
Customized & Maintained by Department of Library
Visitor Counter